000 00570nab#a2200193#c#4500
999 _c87982
_d87982
003 IEF
005 20191204131808.0
008 950704s1976 uuu|| #####0 b| |u
040 _aIEF
_cES-MaIEF
100 1 _aSánchez Alberti, Miguel
_939455
245 _aAntonio Flores de Lemus y las cuestiones arancelarias
_c Miguel Sánchez Alberti
260 _c1976
650 4 _aHOMENAJES
_945439
650 4 _aFLORES DE LEMUS, ANTONIO (1876-1941)
_944347
773 0 _tHacienda pública española
_w34570
_g42-43, p. 269-292
942 _2udc
942 _2udc